TV Shows by Text Message Quiz Stats

 Plays Quiz Updated Mar 25, 2018

Score 0/19 Timer 07:00
1 Play Today
% Correct
The Walking Dead
91%
The Simpsons
89.3%
Sesame Street
84.5%
The Office
82.4%
The Fresh Prince of Bel-Air
80.9%
Gilligan's Island
66.9%
Happy Days
66.1%
The Brady Bunch
65.4%
Breaking Bad
64.6%
Lost
61.8%
% Correct
Star Trek: The Next Generation
61.7%
Beavis and Butthead
57.2%
Family Matters
54.6%
Arrested Development
48.9%
Seinfeld
43.8%
Stranger Things
41.7%
Parks and Recreation
40.7%
It's Always Sunny in Philadelphia
36.8%
Monty Python's Flying Circus
16.3%

You're not logged in!

Compare scores with friends on all Sporcle quizzes.
OR
Log In

Sporcle TV

Today on Sporcle TV


Watch our educational content, quiz creation guides, and fun videos on Sporcle TV.

Show Comments

Extras

Top Quizzes Today


Score Distribution

Your Account Isn't Verified!

In order to create a playlist on Sporcle, you need to verify the email address you used during registration. Go to your Sporcle Settings to finish the process.

Report this User

Report this user for behavior that violates our Community Guidelines.

Details: